LIBRARY & INFORMATION CENTRE, KCAET, TAVANUR

ONLINE PUBLIC ACCESS CATALOGUE (OPAC)

Kahani kunju / (Record no. 11946)

MARC details
000 -LEADER
fixed length control field 00351cam a2200145ua 4500
041 ## - LANGUAGE CODE
Language code of text/sound track or separate title hin
082 ## - DEWEY DECIMAL CLASSIFICATION NUMBER
Classification number 891.54
Item number MAH/KA
100 ## - MAIN ENTRY--AUTHOR NAME
Personal name mahendra Raj, .
245 ## - TITLE STATEMENT
Title Kahani kunju /
260 ## - PUBLICATION, DISTRIBUTION, ETC. (IMPRINT)
Place of publication Agra :
Name of publisher Sathiyarathna bhandar ,
Year of publication 1965.
300 ## - PHYSICAL DESCRIPTION
Number of Pages 104 ; .
942 ## - ADDED ENTRY ELEMENTS (KOHA)
Koha item type Books
Holdings
Withdrawn status Lost status Damaged status Home library Current library Date acquired Full call number Accession Number Koha item type
Withdrawn     KAUAET Sanskrit University 07/04/2012 891.54 11494 Books
free website counter